Brawl Stars Brawlers that Start with B - Statistics

General Stats
  • This quiz has been taken 388 times
    224 since last reset
  • The average score is 8 of 13
Answer Stats
Answer % Correct
Bo
79%
Barley
74%
Bibi
74%
Brock
74%
Bea
71%
Bull
71%
Berry
61%
Buzz
61%
Bonnie
60%
Byron
58%
Buster
53%
Belle
52%
Buzz Lightyear
33%
No matching quizzes found
Score Distribution
Percent of People with Each Score
Percentile by Number Answered
Your Score History
You have not taken this quiz since the last reset